Countries with embassies and consulates in Estonia - Statistics

General Stats
  • This quiz has been taken 92 times
  • The average score is 26 of 30
Answer Stats
Continent Country % Correct
North America United States of America
97%
Europe Germany
96%
Europe Sweden
96%
Europe Finland
95%
Europe Norway
95%
Europe United Kingdom
95%
Asia China
94%
Europe France
94%
Europe Poland
94%
Europe Italy
92%
Asia/ Europe Russia
92%
Europe Lithuania
91%
Europe Spain
91%
Europe the Netherlands
91%
Asia/ Europe Turkey
91%
Europe Belarus
90%
Europe Denmark
90%
Europe Latvia
90%
Europe Ukraine
90%
Europe Austria
89%
South America Brazil
89%
Asia Japan
89%
Europe Greece
82%
Europe Romania
82%
Europe Czech Republic
81%
Europe Ireland
80%
Europe Moldova
73%
Asia Azerbaijan
70%
Asia Georgia
68%
Europe Macedonia
52%
No matching quizzes found
Score Distribution
Percent of People with Each Score
Percentile by Number Answered
Your Score History
You have not taken this quiz